[Event "Challenge 2"]
[Site "http://www.queenalice.com/game.php?id=20772"]
[Date "2005.7.21"]
[Round "-"]
[White "wumuyu"]
[Black "aps"]
[Result "1-0"]
[WhiteElo "1626"]
[BlackElo "1357"]

1. e4 c5 2. c3 e6 3. d4 Nc6 4. Nf3 b6 5. Be3 d5 6. e5 Bb7 7. Bb5 Ne7 8. O-O a6
9. Bxc6+ Bxc6 10. a4 Nf5 11. Bf4 cxd4 12. cxd4 b5 13. axb5 Bxb5 14. Re1 Bb4 15.
Bd2 Bxd2 16. Nbxd2 g5 17. g4 Rg8 18. Nb3 h5 19. h3 hxg4 20. hxg4 Nh4 21. Nxh4
gxh4 22. f3 f6 23. exf6 Qxf6 24. Nc5 Rc8 25. Rxe6+ 1-0

[Event "AUTO-OPEN-113"]
[Site "http://www.queenalice.com/game.php?id=20885"]
[Date "2005.7.22"]
[Round "1"]
[White "bimbo"]
[Black "aps"]
[Result "1-0"]
[WhiteElo "1491"]
[BlackElo "1373"]

1. d4 Nf6 2. Nf3 d5 3. Bf4 Nc6 4. e3 a6 5. Bd3 Bg4 6. O-O Bxf3 7. Qxf3 e5 8.
dxe5 Ne4 9. Rd1 Bc5 10. Nd2 f5 11. Nxe4 dxe4 12. Bxe4 Qe7 13. Bxf5 g6 14. Bd7+
Kf8 15. Bg5+ Qf7 16. Bh6+ Kg8 17. Qf6 Qxf6 18. exf6 Ne5 19. Be6+ Nf7 20. Rd7 Rf8
21. Rad1 Bd6 22. Bxf8 Kxf8 23. Bxf7 1-0

[Event "AUTO-OPEN-113"]
[Site "http://www.queenalice.com/game.php?id=20886"]
[Date "2005.7.22"]
[Round "1"]
[White "aps"]
[Black "bimbo"]
[Result "0-1"]
[WhiteElo "1393"]
[BlackElo "1458"]

1. e4 d6 2. d4 Nf6 3. Nc3 g6 4. Bg5 Bg7 5. Bd3 O-O 6. Bxf6 Bxf6 7. Nf3 Bg4 8.
O-O Bxd4 9. Re1 Nd7 10. Nd5 Ne5 11. Be2 Nxf3+ 12. Bxf3 Bxf3 13. Qxf3 Bxb2 14.
Rab1 Be5 15. Rxb7 e6 16. Nxc7 d5 17. Nxa8 Qxa8 18. Re7 Bd6 19. Rd7 Bb4 20. a3
Bxe1 0-1

[Event "Challenge"]
[Site "http://www.queenalice.com/game.php?id=23183"]
[Date "2005.8.8"]
[Round "-"]
[White "aps"]
[Black "Rbar2004"]
[Result "0-1"]
[WhiteElo "1286"]
[BlackElo "1512"]

1. e4 e5 2. Nf3 Nf6 3. Nxe5 d6 4. Nxf7 Kxf7 5. Bc4+ Be6 6. Bxe6+ Kxe6 7. d4 Kf7
8. Bg5 h6 9. Qh5+ Nxh5 10. Bxd8 Na6 11. g4 Nf4 12. Bh4 Ng2+ 13. Kd1 Nxh4 14. Nc3
c6 15. d5 Re8 16. Re1 Nf3 17. Re3 Nxh2 18. Rh3 Nxg4 19. Ke2 h5 20. Rg1 Be7 21.
f3 Ne5 22. b3 Bf6 23. f4 Nf3 24. Rxf3 Bxc3 25. Rxc3 cxd5 26. e5 dxe5 27. f5 Rc8
28. Rcg3 Rhg8 29. c4 dxc4 30. bxc4 Kf6 31. Rf1 g5 32. Rh3 h4 0-1

[Event "Let's Play Chess!"]
[Site "http://www.queenalice.com/game.php?id=27987"]
[Date "2005.9.10"]
[Round "-"]
[White "aps"]
[Black "Adelar"]
[Result "0-1"]
[WhiteElo "1398"]
[BlackElo "1721"]

1. e4 e5 2. Nf3 Nc6 3. Bb5 a6 4. Bxc6 dxc6 5. d4 Bg4 6. Be3 Bxf3 7. Qxf3 Bd6 8.
Nc3 Nf6 9. d5 cxd5 10. exd5 O-O 11. Rg1 Re8 0-1

[Event "Let's Play Chess!"]
[Site "http://www.queenalice.com/game.php?id=27988"]
[Date "2005.9.10"]
[Round "-"]
[White "aps"]
[Black "Adelar"]
[Result "0-1"]
[WhiteElo "1403"]
[BlackElo "1718"]

1. d4 d5 2. c4 c6 3. cxd5 cxd5 4. Nc3 g6 5. e4 dxe4 6. Bf4 Bg7 7. Bxb8 Rxb8 8.
Bb5+ Bd7 9. Bxd7+ Qxd7 10. Nxe4 Qxd4 11. Qc2 Nf6 0-1

[Event "AUTO-OPEN-141"]
[Site "http://www.queenalice.com/game.php?id=28125"]
[Date "2005.9.11"]
[Round "1"]
[White "cadulima"]
[Black "aps"]
[Result "1-0"]
[WhiteElo "1466"]
[BlackElo "1351"]

1. b3 d5 2. Bb2 e5 3. Bxe5 Nc6 4. d4 Nxe5 5. dxe5 Bf5 6. e3 a6 7. Ne2 Bc5 8. Nd4
Bxd4 9. exd4 c5 10. dxc5 Qa5+ 11. Nd2 Rc8 12. Be2 Rxc5 13. Bd3 Bxd3 14. cxd3 d4
15. O-O Rxe5 16. Re1 Nf6 17. Rxe5+ Qxe5 18. Qe1 Qxe1+ 19. Rxe1+ Kd7 20. Ne4 Re8
21. Nxf6+ gxf6 22. Rxe8 Kxe8 23. f4 Ke7 24. Kf2 Ke6 25. Kf3 Kd5 26. a3 b5 27. b4
h5 28. h4 Ke6 29. g4 hxg4+ 30. Kxg4 f5+ 31. Kg5 f6+ 32. Kg6 Kd5 33. Kxf6 1-0

[Event "AUTO-OPEN-141"]
[Site "http://www.queenalice.com/game.php?id=28126"]
[Date "2005.9.11"]
[Round "1"]
[White "aps"]
[Black "cadulima"]
[Result "0-1"]
[WhiteElo "1337"]
[BlackElo "1449"]

1. e4 e5 2. Nf3 d6 3. d4 Nf6 4. Nc3 Bg4 5. Be2 exd4 6. Qxd4 Nbd7 7. Bg5 Bxf3 8.
Bxf3 c5 9. Qc4 g6 10. Nd5 Be7 11. Nxf6+ Bxf6 12. Bxf6 Qxf6 13. O-O O-O-O 14. Bg4
Kb8 15. Rad1 Ne5 16. Qe2 h5 17. Bh3 d5 18. exd5 Rd6 19. Rfe1 Nd7 20. g3 Qxb2 21.
Rb1 Qxa2 22. Qb5 Rb6 23. Qf1 Rxb1 24. Rxb1 Qxd5 25. Qb5 Rd8 26. Bg2 a6 27. Qxb7+
Qxb7 28. Rxb7+ Kc8 29. Ra7 Nb6 30. Rxa6 Rd1+ 31. Bf1 Nd7 32. Kg2 Kb7 33. Bb5 Rb1
34. Ra5 Kb6 35. Ra3 Rxb5 36. Rb3 Rxb3 0-1

[Event "AUTO-OPEN-141"]
[Site "http://www.queenalice.com/game.php?id=28155"]
[Date "2005.9.11"]
[Round "1"]
[White "razoman"]
[Black "aps"]
[Result "1-0"]
[WhiteElo "1922"]
[BlackElo "1466"]

1. e4 c5 2. Nf3 d5 3. exd5 Nf6 4. c4 Bg4 5. Be2 e6 6. Nc3 Bd6 7. h3 Bxf3 8. Bxf3
O-O 9. O-O Qc7 10. Ne4 Nxe4 11. Bxe4 Be7 12. d3 Qe5 13. Re1 f5 14. Bf3 Qd6 15.
Rxe6 Qc7 16. Qe2 1-0

[Event "AUTO-OPEN-141"]
[Site "http://www.queenalice.com/game.php?id=28156"]
[Date "2005.9.11"]
[Round "1"]
[White "aps"]
[Black "razoman"]
[Result "0-1"]
[WhiteElo "1466"]
[BlackElo "1920"]

1. e4 c5 2. Nf3 a6 3. d4 cxd4 4. Qxd4 Nc6 5. Qd1 d6 6. Nc3 e6 7. Bc4 b5 8. Bd3
Nf6 9. Bg5 Be7 10. O-O O-O 11. Re1 Bb7 12. e5 dxe5 13. Bxf6 Bxf6 14. Ne4 Nd4 15.
Nxf6+ Qxf6 0-1

[Event "AUTO-OPEN-176"]
[Site "http://www.queenalice.com/game.php?id=38521"]
[Date "2005.11.18"]
[Round "1"]
[White "Stu"]
[Black "aps"]
[Result "1-0"]
[WhiteElo "1599"]
[BlackElo "1292"]

1. d4 d5 2. c4 e5 3. dxe5 d4 4. Nf3 Nc6 5. g3 Bg4 6. Bg2 f6 7. exf6 Nxf6 8. O-O
Bc5 9. Nbd2 O-O 10. Nb3 Re8 11. Nxc5 Qc8 12. Nxd4 Nxd4 13. Qxd4 Rxe2 14. Be3 Qf5
15. Rac1 b6 16. Bxa8 Bh3 17. Qd8+ Kf7 18. Qxc7+ Kg6 19. Rfd1 Qf3 20. Bxf3 1-0

[Event "AUTO-OPEN-176"]
[Site "http://www.queenalice.com/game.php?id=38522"]
[Date "2005.11.18"]
[Round "1"]
[White "aps"]
[Black "Stu"]
[Result "0-1"]
[WhiteElo "1288"]
[BlackElo "1642"]

1. e4 c5 2. d4 cxd4 3. c3 dxc3 4. Nxc3 Nc6 5. Nf3 e6 6. Bc4 a6 7. Bf4 Bb4 8. O-O
Nge7 9. a3 Bc5 10. b4 Ba7 11. Re1 O-O 12. Bd6 b5 13. Bd3 Bb7 14. a4 bxa4 15.
Rxa4 a5 16. b5 Nb4 17. Bc4 Re8 0-1

[Event "AUTO-OPEN-176"]
[Site "http://www.queenalice.com/game.php?id=38555"]
[Date "2005.11.18"]
[Round "1"]
[White "toporagno"]
[Black "aps"]
[Result "1-0"]
[WhiteElo "1994"]
[BlackElo "1290"]

1. d4 d5 2. c4 e5 3. dxe5 d4 4. Nf3 Bc5 5. g3 Bf5 6. Bg2 Bxb1 7. Rxb1 f6 8. b4
Be7 9. Nxd4 c6 10. Ne6 Qxd1+ 11. Kxd1 fxe5 12. Nc7+ Kd8 13. Nxa8 Nf6 14. b5 Ng4
15. bxc6 Nxf2+ 16. Ke1 1-0

[Event "AUTO-OPEN-176"]
[Site "http://www.queenalice.com/game.php?id=38556"]
[Date "2005.11.18"]
[Round "1"]
[White "aps"]
[Black "toporagno"]
[Result "0-1"]
[WhiteElo "1292"]
[BlackElo "1992"]

1. e4 c5 2. d4 cxd4 3. Nf3 e6 4. Bd3 Nc6 5. Bf4 e5 6. Nxe5 Nxe5 7. Bxe5 Qa5+ 8.
c3 Qxe5 9. O-O Bc5 10. Re1 dxc3 11. Nxc3 Nf6 12. Rc1 O-O 13. Nd5 d6 14. Nxf6+
Qxf6 15. e5 Bxf2+ 0-1

[Event "Let's Play Chess!"]
[Site "http://www.queenalice.com/game.php?id=39541"]
[Date "2005.11.24"]
[Round "-"]
[White "aps"]
[Black "kleber2002"]
[Result "0-1"]
[WhiteElo "1288"]
[BlackElo "1762"]

1. e4 Nf6 2. e5 Nd5 3. Bc4 Nb6 4. Na3 e6 5. d4 Bxa3 6. bxa3 Nxc4 7. Nf3 d5 8.
O-O O-O 9. Re1 Bd7 10. Rb1 b6 11. Bg5 Qe8 12. Rb3 Nc6 13. Nd2 N6a5 14. Rb4 Nxa3
15. Nb3 N3c4 16. Qg4 Kh8 17. Nxa5 Nxa5 18. Re3 f5 19. Qh4 Qg6 20. Rg3 f4 21.
Bxf4 Qxc2 22. f3 Qd1+ 0-1